00837nac a22002171u 4500010001600000020001500016082001500031090001500046100003400061245006600095250001200161260013400173300003300307500002600340504006600366511002600432650002600458942001700484999001500501952010300516 a 91008481 a002946594X00a658.8bMOR c9613d9613 aMorris, Michael H. 10aIndustrial and organizational marketing /cMichael H. Morris. a2nd ed. aNew York :bMacmillan Pub. Co. ;aToronto :bMaxwell Macmillan Canada ;aNew York :bMaxwell Macmillan International,1992cc1992. axv, 784 p. :bill. ;c25 cm. adistributer: Al-Ahram aIncludes bibliographical references (p. 765-773) and indexes. acatalogued by: wessam 0aIndustrial marketing. cBBk658.8MOR c9613d9613 00104070aMAINbMAINc1STd2008-05-25ePurchasel0o658.8MORp000011633r2025-07-15 00:00:00yBB